Cornaro, tyran pas doux / (Record no. 169416)

MARC details
000 -LEADER
campo de control de longitud fija 00970nam a22002295i 4500
001 - NÚMERO DE CONTROL
campo de control 169416
003 - IDENTIFICADOR DE NÚMERO DE CONTROL
campo de control ES-MaACL
005 - FECHA Y HORA DE LA ÚLTIMA TRANSACCIÓN
campo de control 20251215184132.0
008 - DATOS DE LONGITUD FIJA--INFORMACIÓN GENERAL
campo de control de longitud fija 080910s1835 fr |||| | fre d
080 ## - NÚMERO DE LA CLASIFICACIÓN DECIMAL UNIVERSAL
Número de la Clasificación Decimal Universal 821.133.1-23"18"
100 1# - ENTRADA PRINCIPAL--NOMBRE DE PERSONA
Nombre de persona Dupeuty, Charles.
9 (RLIN) 138515
245 10 - MENCIÓN DEL TÍTULO
Título Cornaro, tyran pas doux /
Mención de responsabilidad, etc. traduction en quatre actes et en vers d'Angelo, tyran de Padoue, par Dupeuty et Duvert.
260 ## - PUBLICACIÓN, DISTRIBUCIÓN, ETC.
Lugar de publicación, distribución, etc. [S.l. :
Nombre del editor, distribuidor, etc. s.n.,
Fecha de publicación, distribución, etc. 1835?] (
Lugar de fabricación/manufactura Marais :
Fabricante Dondey-Dupré)
300 ## - DESCRIPCIÓN FÍSICA
Extensión 20 p. ;
Dimensiones 25 cm.
500 ## - NOTA GENERAL
Nota general "Représenté pour la première fois, sur le Théâtre du Vaudeville, le 18 mai 1835"
594 ## - Nota al título y mención de responsabilidad
Nota al título y mención de responsabilidad Tít. tomado de la cabecera.
594 ## - Nota al título y mención de responsabilidad
Nota al título y mención de responsabilidad Adaptación de: Angelo, tyran de Padoue / Victor Hugo.
700 1# - ENTRADA AGREGADA--NOMBRE PERSONAL
Nombre de persona Duvert, Félix-Auguste.
9 (RLIN) 138516
700 1# - ENTRADA AGREGADA--NOMBRE PERSONAL
Nombre de persona Hugo, Victo.
Título de la obra Angelo, tyran de Padone
9 (RLIN) 138518
852 ## - LOCALIZACIÓN
Ubicación ES-MaACL
Número de control de estantería 2235-F-4
itemnumber R.141152
Nota libre .- Biblioteca Jacinto Martínez Lacalle
condición física .-Falto de la cubierta original
Holdings
Estatus retirado Estado de pérdida Estado de daño No para préstamo Colección Biblioteca de origen Biblioteca actual Ubicación en estantería Fecha de adquisición Fuente de adquisición Total de préstamos Signatura topográfica completa Código de barras Visto por última vez Precio de reemplazo Tipo de ítem Koha
        Colección de folletos Biblioteca del Ateneo de Madrid Biblioteca del Ateneo de Madrid Depósito folletos 10/09/2008     2235-F-4 1177860 23/02/2023 23/02/2023 Folleto